| 000 | 00447nam a2200109Ia 4500 | ||
|---|---|---|---|
| 008 | 160909s9999 xx 000 0 und d | ||
| 100 | _aMcMullen, Cameron | ||
| 245 | _aSuccessful NCAA Division I Baseball Coaches' Understandings of their Roles and Responsibilities as Leaders in a Higher Education Context | ||
| 260 |
_bUniversity of Nevada, Reno. _c2016 |
||
| 650 | _aPSYCHOLOGY | ||
| 856 | _uhttp://pqdtopen.proquest.com/doc/1808428044.html?FMT=ABS | ||
| 999 |
_c304155 _d304155 |
||